[Event "Quebec-ch U12"]
[Site "Montreal"]
[Date "2012.11.25"]
[Round "4"]
[White "Nazarov, Stephanie"]
[Black "Zhang, Evan"]
[Result "0-1"]
[WhiteElo "925"]
[BlackElo "1368"]
[PlyCount "58"]
[EventDate "2012.11.23"]
[EventType "swiss"]
[EventRounds "5"]
[EventCountry "CAN"]
[SourceTitle "EXT 2022"]
[Source "ChessBase"]
[SourceDate "2021.10.06"]
[SourceVersion "1"]
[SourceVersionDate "2021.10.06"]
[SourceQuality "1"]

1. e4 e5 2. Nf3 Nc6 3. Nc3 Bc5 4. Nxe5 Bxf2+ 5. Kxf2 Nxe5 6. d4 Ng6 7. e5 d6 8. exd6 cxd6 9. Bb5+ Bd7 10. Re1+ N8e7 11. Bxd7+ Qxd7 12. Nd5 0-0 13. Nxe7+ Nxe7 14. c3 Ng6 15. Be3 f5 16. g3 f4 17. gxf4 Nxf4 18. Bxf4 Rxf4+ 19. Kg3 Qf5 20. Kg2 Rg4+ 21. Qxg4 Qxg4+ 22. Kf2 Rf8+ 23. Ke3 Rf3+ 24. Kd2 Qf4+ 25. Kd1 Rf2 26. Re2 Qf3 27. Kc2 Qxe2+ 28. Kb3 Qxb2+ 29. Kc4 Qxa1 0-1

[Event "North American-ch U10"]
[Site "Montreal"]
[Date "2010.08.18"]
[Round "6"]
[White "Gugel, Brett"]
[Black "Zhang, Evan"]
[Result "1-0"]
[WhiteElo "1352"]
[BlackElo "1355"]
[PlyCount "127"]
[EventDate "2010.08.16"]
[EventType "swiss"]
[EventRounds "7"]
[EventCountry "CAN"]
[SourceTitle "EXT 2013"]
[Source "ChessBase"]
[SourceDate "2012.11.22"]
[SourceVersion "1"]
[SourceVersionDate "2012.11.22"]
[SourceQuality "1"]

1. e4 e5 2. Nf3 Nc6 3. Bb5 a6 4. Ba4 Nf6 5. 0-0 d6 6. Re1 Be7 7. c3 b5 8. Bb3 Bg4 9. d3 0-0 10. Nbd2 Na5 11. Bc2 Qd7 12. Nf1 c6 13. Ng3 Nb7 14. h3 Bxf3 15. Qxf3 Nd8 16. Nf5 Ne6 17. Qg3 Nh5 18. Qg4 Nf6 19. Qg3 Nh5 20. Qg4 Nhf4 21. Bxf4 exf4 22. Bb3 g6 23. Nd4 Nc5 24. Qxd7 Nxd7 25. Nxc6 Bf6 26. Nd4 Nc5 27. Bc2 Rac8 28. Ne2 b4 29. Rac1 Ne6 30. Bb3 Nc5 31. Bc2 Rfe8 32. cxb4 Ne6 33. Ba4 Rxc1 34. Rxc1 Rb8 35. b3 Rxb4 36. Rc6 Nd4 37. Rxd6 Be5 38. Rd8+ Kg7 39. Nxd4 Bxd4 40. a3 Bf6 41. Rd5 Rb6 42. Kf1 Bb2 43. Ke2 Bxa3 44. Kf3 Kh6 45. Kxf4 g5+ 46. Kg4 f6 47. Kf3 Bb4 48. g4 a5 49. h4 Re6 50. hxg5+ fxg5 51. Ke3 Kg6 52. f4 gxf4+ 53. Kxf4 Bd2+ 54. Kf3 h6 55. d4 Rf6+ 56. Rf5 Rd6 57. d5 Bc3 58. Bc6 Bd4 59. e5 Rd8 60. e6 Bc5 61. Rf7 Bb4 62. e7 Bxe7 63. Rxe7 Rb8 64. Ba4 1-0